Geography Quiz

Random Geography or City Quiz

Short-Named US Cities Quiz Stats

 Plays Quiz Updated Feb 16, 2019

Support Sporcle.
Go Orange.
Score 0/51 Timer 10:00
0 Plays Today
Number of Letters City % Correct
Population (Overall Rank) 6 LettersDallas, TX
83.5%
Population (Overall Rank) 5 LettersMiami, FL
83.2%
Population (Overall Rank) 6 LettersBoston, MA
79.1%
Population (Overall Rank) 6 LettersAustin, TX
70.6%
Population (Overall Rank) 6 LettersDenver, CO
67.9%
Population (Overall Rank) 4 LettersReno, NV
60.5%
Population (Overall Rank) 5 LettersTampa, FL
58.6%
Population (Overall Rank) 5 LettersBoise, ID
56.5%
Population (Overall Rank) 5 LettersOmaha, NE
52.7%
Population (Overall Rank) 6 LettersEl Paso, TX
52.4%
Population (Overall Rank) 5 LettersTulsa, OK
50.8%
Population (Overall Rank) 5 LettersSalem, OR
47.3%
Population (Overall Rank) 6 LettersTucson, AZ
46.3%
Population (Overall Rank) 6 LettersSt. Paul, MN
45.9%
Population (Overall Rank) 6 LettersNewark, NJ
45.5%
Population (Overall Rank) 5 LettersAkron, OH
41.7%
Population (Overall Rank) 6 LettersToledo, OH
41.3%
Population (Overall Rank) 6 LettersFresno, CA
39.1%
Population (Overall Rank) 4 LettersMesa, AZ
38.8%
Population (Overall Rank) 6 LettersMobile, AL
36.9%
Population (Overall Rank) 4 LettersErie, PA
35.5%
Population (Overall Rank) 4 LettersGary, IN
33.9%
Population (Overall Rank) 5 LettersFargo, ND
32.8%
Population (Overall Rank) 6 LettersTacoma, WA
31.7%
Population (Overall Rank) 6 LettersDurham, NC
30.6%
Population (Overall Rank) 5 LettersProvo, UT
30.4%
Number of Letters City % Correct
Population (Overall Rank) 4 LettersWaco, TX
30.3%
Population (Overall Rank) 6 LettersEugene, OR
27.8%
Population (Overall Rank) 5 LettersFlint, MI
27.6%
Population (Overall Rank) 5 LettersTempe, AZ
27.3%
Population (Overall Rank) 6 LettersAurora, CO
26.6%
Population (Overall Rank) 6 LettersAurora, IL
26.6%
Population (Overall Rank) 5 LettersPlano, TX
24%
Population (Overall Rank) 4 LettersYuma, AZ
21.8%
Population (Overall Rank) 5 LettersMacon, GA
20.9%
Population (Overall Rank) 6 LettersLaredo, TX
20.5%
Population (Overall Rank) 6 LettersIrvine, CA
20.3%
Population (Overall Rank) 6 LettersIrving, TX
18.8%
Population (Overall Rank) 4 LettersCary, NC
16.5%
Population (Overall Rank) 4 LettersOrem, UT
15.4%
Population (Overall Rank) 4 LettersTroy, MI
15.2%
Population (Overall Rank) 6 LettersOxnard, CA
13.3%
Population (Overall Rank) 4 LettersKent, WA
12.3%
Population (Overall Rank) 5 LettersTyler, TX
10.5%
Population (Overall Rank) 4 LettersLynn, MA
9.3%
Population (Overall Rank) 5 LettersElgin, IL
8.8%
Population (Overall Rank) 5 LettersChico, CA
8%
Population (Overall Rank) 5 LettersAllen, TX
7.4%
Population (Overall Rank) 5 LettersSandy, UT
7.2%
Population (Overall Rank) 5 LettersVista, CA
5.1%
Population (Overall Rank) 5 LettersDavie, FL
5%

You're not logged in!

Compare scores with friends on all Sporcle quizzes.
OR
Log In

From the Vault

The Simpsons Top 100

by bhenderson79

These are the 100 most cromulent Simpsons characters.
Remove Ads.
Support Sporcle.
Get the best of Sporcle when you Go Orange. This ad-free experience offers more features, more stats, and more fun while also helping to support Sporcle. Thank you for becoming a member.

Show Comments

Extras

Top Quizzes Today


Score Distribution

Your Account Isn't Verified!

In order to create a playlist on Sporcle, you need to verify the email address you used during registration. Go to your Sporcle Settings to finish the process.

Report this User

Report this user for behavior that violates our Community Guidelines.

Details: